Postacie ze Star Treka według zdjęcia - Statystyki

Ogólne statystyki
  • Ten quiz został rozwiązany 9 razy
  • Średni wynik to 9 z 20
Statystyki odpowiedzi
Obrazkowy Odpowiedź % Poprawnych
Data
100%
Jean-Luc Picard
100%
Spock
100%
Geordi La Forge
43%
Hikaru Sulu
43%
James T. Kirk
43%
Kathryn Janeway
43%
Khaaaaaaannnn!
43%
Lieutenant Worf
43%
Nyota Uhura
43%
Scotty
43%
William Riker
43%
Deanna Troi
29%
Doktor
29%
Leonard McCoy
29%
Seven of Nine
29%
Wesley Crusher
29%
Benjamin Sisko
14%
Odo
14%
Quark
14%
Nie znaleziono quizów pasujących do podanych kryteriów
Rozkład punktacji
Procent ludzi z każdym wynikiem
Percentyl według liczby udzielonych odpowiedzi
Twoja historia wyników
Nie rozwiązałeś tego quizu